Estadísticas para Cuicades Capitales Con Mas De 5 Millones

Haz click aquí para tomar la prueba!

Estadísticas generales

  • Esta prueba ha sido tomada 50 veces
  • La puntuación promedio es 16 de 21

Estadísticas de respuestas

Pop(mill)Respuesta% Correcto
13.2Tokio
100%
20.6Pekín
96%
8.6Londres
96%
8.8Ciudad de México
96%
11.5Moscú
93%
16.7Nueva Delhi
89%
10.2El Cairo
87%
10.2Yakarta
85%
7.6Bogotá
83%
8.4Lima
78%
12.9Manila
78%
10Seúl
76%
5Santiago
74%
8.2Bangkok
72%
8.8Teherán
67%
10.1Kinsasa
67%
8.9Daca
65%
5.5Singapur
50%
5.1Ankara
50%
7.5Hanói
48%
7.2Bagdad
48%

Distribución de puntuación

Porcentaje por número respondido

Porcentaje de gente con cada puntuación

Historial de tus puntuaciones

No has tomado esta prueba